|
|
|
|
| LEADER |
01125nam a22003132a 4500 |
| 001 |
000041399 |
| 003 |
CZ BrMZK |
| 005 |
20070503092049.0 |
| 007 |
ta |
| 008 |
010907s1985 xr f cze d |
| 015 |
|
|
|a cnb000011478
|
| 035 |
|
|
|a (OCoLC)85569969
|
| 040 |
|
|
|a BOA001
|b cze
|
| 080 |
9 |
|
|a 379.835
|
| 080 |
9 |
|
|a 796.54
|
| 080 |
9 |
|
|a 03
|
| 100 |
1 |
|
|a Vosátka, Mirko,
|d 1911-2004
|7 jk01150736
|4 aut
|
| 245 |
1 |
0 |
|a Tábornická encyklopedie /
|c Mirko Vosátka
|
| 250 |
|
|
|a 1.vyd.
|
| 260 |
|
|
|a Praha :
|b Mladá fronta,
|c 1985
|
| 300 |
|
|
|a 353 s.
|
| 500 |
|
|
|a Frontispis
|
| 856 |
4 |
1 |
|u http://www.digitalniknihovna.cz/mzk/uuid/uuid:7c642830-db42-11e3-b110-005056827e51
|y Digitalizovaný dokument
|x NDK
|
| 910 |
|
|
|a BOA001
|b PK-0101.105
|b 2-0898.950
|
| 964 |
|
|
|a Táboření - slovníky
|
| 990 |
|
|
|a BK
|
| 996 |
7 |
|
|b 2619384732
|c 2-0898.950
|l MZK
|r Sklad / do 1 hodiny
|n 0
|w 000041399
|u 000030
|a 1
|e BOA001
|j MZK50
|s A
|
| 996 |
7 |
|
|b 3119906250
|c PK-0101.105
|l MZK
|r Sklad / do 1 hodiny
|n 2
|w 000041399
|u 000020
|a 1
|e BOA001
|j MZK50
|s A
|
| 996 |
7 |
|
|b 3119988541
|c PK-0101.105
|l MZK
|r Sklad / do 1 hodiny
|n 19
|w 000041399
|u 000010
|a 1
|e BOA001
|j MZK50
|s A
|